• 首页
  • 本馆介绍
  • 公告通知
  • 最新文献
  • 馆藏检索
  • 电子资源
  • 读者导购
  • 参考咨询
  • 我的图书馆
  • 登录
  • 详细信息显示
  • 放入我的书架
  • 预约/预借图书
  • 作者相关作品
  • 分类相关作品
  • 丛书相关作品
  • 出版社相关作品

书目信息

  • 表格格式
  • 工作单格式
  • 卡片格式
题名:
使命
    
 
作者: 姜秀山 著
分册:  
出版信息: 长春   东北师范大学出版社  2021.03
页数: 145页
开本: 24cm
丛书名:
单 册:
中图分类: G843.2
科图分类:
主题词: 青少年--足球运动--发展--研究--胶州
电子资源:
ISBN: 978-7-5681-7447-3
000 00871nam0 2200229 450
001 012001000970
005 20141202100338.0
010    @a978-7-5681-7447-3@dCNY46.00
100    @a20220905d2021 em y0chiy50 ea
101 0  @achi
102    @aCN@b220000
105    @aa z 000yy
106    @ar
200 1  @a使命@Ashi ming@e胶州市中云振华教育集团校园足球发展历程与思考@f姜秀山著
210    @a长春@c东北师范大学出版社@d2021.03
215    @a145页@c彩照@d24cm
330    @a本书共五章,内容包括:无心插柳柳成荫——从尊师重教兴趣开始、独向情田种爱根——让足球成为一种教育、振翮始觉天地宽——让足球成为一种文化、吹尽狂沙始到金——回归足球的运动属性、此情绵绵无尽期——校园足球出路在哪里。
606 0  @a青少年@x足球运动@x发展@x研究@y胶州
690    @aG843.2@v5
701  0 @a姜秀山@Ajiang xiu shan@4著
801  0 @aCN@bAHXH@c20221111
905    @b1362712-6@dG843.2@e1993@f5
    
    使命:胶州市中云振华教育集团校园足球发展历程与思考/姜秀山著.-长春:东北师范大学出版社,2021.03
    145页:彩照;24cm
    
    
    ISBN 978-7-5681-7447-3:CNY46.00
    本书共五章,内容包括:无心插柳柳成荫——从尊师重教兴趣开始、独向情田种爱根——让足球成为一种教育、振翮始觉天地宽——让足球成为一种文化、吹尽狂沙始到金——回归足球的运动属性、此情绵绵无尽期——校园足球出路在哪里。
●
相关链接 在E读中查询图书 在五车中查询图书 在当当中查询图书 在豆瓣中查询图书


正题名:使命     索取号:G843.2/1993         预约/预借

序号 登录号 条形码 馆藏地/架位号 状态 备注
1 1362712   213627128   第一样本阅览室/ [索取号:G843.2/1993] 在馆    
2 1362713   213627137   教育系资料室/ [索取号:G843.2/1993] 在馆    
3 1362714   213627146   教育系资料室/ [索取号:G843.2/1993] 在馆    
4 1362715   213627155   第四借阅区/ [索取号:G843.2/1993] 在馆    
5 1362716   213627164   第四借阅区/ [索取号:G843.2/1993] 在馆    
唐山师范学院图书馆 欢迎您!
大连网信软件有限公司© 版权所有